Movies Quiz

Random Movies or Disney Quiz
Score 0/40 Timer 06:00
3 Plays Today
% Correct
Deer
96.8%
Duck
94.1%
Donkey
92.5%
Cricket
91.3%
Rabbit
90.1%
Warthog
90.1%
Meerkat
88.2%
Lion
87.5%
Kangaroo
87.4%
Chipmunk
84.8%
Crab
84.7%
Tiger
83.6%
Elephant
82.5%
Orangutan
79.6%
Skunk
75.4%
Panther
74.6%
Snake
74.5%
Parrot
73.1%
Mandrill
67.5%
Seagull
66.7%
% Correct
Hornbill
66.3%
Dalmatian
62.8%
Hummingbird
61.2%
Bear
60.2%
Eel
60.1%
Raccoon
57.7%
Coonhound
56.8%
Hyena
56.7%
Fox
55.8%
St. Bernard
54.2%
Owl
51.9%
Gorilla
50.6%
Mouse
50.2%
Horse
44.4%
Cat
43.9%
Goldfish
41.1%
Pug
41%
Leopard
40%
Cow
37.9%
Chihuahua
35.9%
Remove Ads.
Support Sporcle.
Get the best of Sporcle when you Go Orange. This ad-free experience offers more features, more stats, and more fun while also helping to support Sporcle. Thank you for becoming a member.

You're not logged in!

Compare scores with friends on all Sporcle quizzes.
OR
Log In

Show Comments

Extras

Top Quizzes Today


Score Distribution

Your Account Isn't Verified!

In order to create a playlist on Sporcle, you need to verify the email address you used during registration. Go to your Sporcle Settings to finish the process.

Report this User

Report this user for behavior that violates our Community Guidelines.

Details: